| 000 | 01052nam a22003138a 4500 | ||
|---|---|---|---|
| 001 | 016068200 | ||
| 003 | OSt | ||
| 005 | 20141113150948.0 | ||
| 008 | 120405t2013 at adk frbd 001 0 eng d | ||
| 020 | _a9781133284451 (pbk.) | ||
| 020 | _a1133284450 (pbk.) | ||
| 040 |
_aStDuBDS _beng _cStDuBDS _dEG-ScBUE |
||
| 043 | _an-us--- | ||
| 082 | 0 | 0 |
_a362.10973 _222 _bHAR |
| 100 | 1 |
_aHarrison, Carlene _936530 |
|
| 245 | 1 | 0 |
_aIntroduction to health care finance and accounting / _cCarlene Harrison, William Harrison. |
| 250 | _aInternational ed. | ||
| 260 |
_a[Canberra] : _bDelmar Cengage Learning, _cc.2013. |
||
| 300 |
_axxii, 261 p. : _bcharts, forms, tables ; _c25 cm. |
||
| 500 | _aGlossary : p. 249-256. | ||
| 500 | _aIndex : p. 257-261. | ||
| 504 | _aBibliography : p. 245-247. | ||
| 650 | 0 |
_aMedical care _zUnited States _xFinance _936531 |
|
| 650 | 0 |
_aMedical care _zUnited States _xAccounting _936532 |
|
| 653 |
_bBUSADM _cNovember2014 |
||
| 655 |
_vreading book _934232 |
||
| 700 | 1 |
_aHarrison, William _936533 |
|
| 942 |
_2ddc _k362.10973 HAR |
||
| 999 |
_c18616 _d18588 |
||